LEADER 01303nam a2200301 i 4500 001 000000153927 003 CaOOAMICUS 005 20181219130337.0 008 061005s1955 it u000 u mul u 013 $a131273 040 $aSeMil$bita 100 1 $aRilke, Rainer Maria,$d<1875-1926>.$0(OLS)http://semarc/name/6263 245 10$aPoesie /$cRainer Maria Rilke ; tradotte da Giaime Pintor ; con due prose dai quaderni di Malte Laurids Brigge e versioni da H. Hesse e G. Trakl. 260 $aTorino :$bGiulio Einaudi,$ccopyr. 1955. 300 $a133 p. ;$c18 cm. 500 $aFondo Ciprandi. 650 4$aRilke, Rainer Maria <1875-1926> - Opere - Poesie.$0(OLS)http://semarc/subject/2195 700 1 $aPintor, Giaime.$0(OLS)http://semarc/name/4029 700 1 $aTrakl, Georg <1887-1914>.$0(OLS)http://semarc/name/60090 700 1 $aHesse, Hermann,$d<1877-1962>.$0(OLS)http://semarc/name/19147 700 1 $aBrigge, Malte Laurids.$0(OLS)http://semarc/name/60232 850 $aSeMil 852 $aSeMil$W1$xVenegono$y1$m1W I 424$j105811$B105811$CSeMilBibl$Z2$F115006 $81 941 1 $a1 961 $aOmaggio: Ciprandi dott. Paolo 996 $6245$aPoesie$9(OLS)http://semarc/title/2285 996 $6260$aTorino :$bGiulio Einaudi$9(OLS)http://semarc/publisher/29810 LEADER 01387nam a2200289 i 4500 001 000000334390 003 CaOOAMICUS 005 20190627141727.0 008 190627s2016 it u000 u ita u 013 $a53842 020 $a978-88-6124-615-7 040 $aSeMil$bita 100 1 $aD'Incą, Alberto,$d<1982- >.$0(OLS)http://semarc/name/109785 245 10$aMartiri e briganti :$bla "bagaudia cristiana" e gli sviluppi della riflessione sul martirio nella Gallia tardoantica e altomedioevale /$cAlberto D'Incą. 264 1$aTrapani :$bIl pozzo di Giacobbe,$c2016. 300 $a136 p. ;$c22 cm 490 0 $aOi christianoi. Sezione antica ;$v22 650 04$aCristianesimo - Diffusione - Gallia - Sec. 3.-5.$0(OLS)http://semarc/subject/48489 830 0$aOi christianoi. Sezione antica ;$v22.$0(OLS)http://semarc/title/400642 850 $aSeMil 852 $aSeMil$W1$xVenegono$y1$m2TA H 22$j230441$B226632$CSeMilBibl$Z2$F226632 $81 983 0$aOi christianoi. Antichitą. 996 $6020$a978-88-6124-615-7$9(OLS)http://semarc/number/287732 996 $6245$aMartiri e briganti :$bla "bagaudia cristiana" e gli sviluppi della riflessione sul martirio nella Gallia tardoantica e altomedioevale$9(OLS)http://semarc/title/424079 996 $6264$aTrapani :$bIl pozzo di Giacobbe$9(OLS)http://semarc/publisher/31941